| Tag |
First Indicator |
Second Indicator |
Subfields |
| LEADER |
00000cam a2200000 4500 |
| 001 |
in00000062260 |
| 005 |
20151008051705.0 |
| 008 |
780127s1840 enk 00010 eng |
| 010 |
|
|
|a 06043185
|
| 035 |
|
|
|a (OCoLC)03586143
|
| 035 |
|
|
|9 AAG9428AM
|
| 040 |
|
|
|a DLC
|c RRR
|d TXA
|d UtOrBLW
|
| 049 |
|
|
|a TXAM
|c [297080]
|
| 050 |
0 |
0 |
|a HG945
|b .O9
|
| 092 |
|
|
|a 332.53
|b O96r
|
| 100 |
1 |
|
|a Overstone, Samuel Jones Loyd,
|c Baron,
|d 1796-1883.
|
| 245 |
1 |
0 |
|a Remarks on the management of the circulation ;
|b and on the condition and conduct of the Bank of England and of the country issuers, during the year 1839 /
|c By Samuel Jones Loyd.
|
| 264 |
|
1 |
|a London :
|b P. Richardson,
|c 1840.
|
| 300 |
|
|
|a 135 pages ;
|c 23 cm.
|
| 336 |
|
|
|a text
|b txt
|2 rdacontent
|
| 337 |
|
|
|a unmediated
|b n
|2 rdamedia
|
| 338 |
|
|
|a volume
|b nc
|2 rdacarrier
|
| 650 |
|
0 |
|a Paper money
|z Great Britain.
|
| 650 |
|
0 |
|a Banks and banking
|z Great Britain.
|
| 999 |
|
|
|a MARS
|
| 999 |
f |
f |
|s c86917af-f16b-39e9-a49b-2ce114f052a2
|i 43490949-fbb0-3b9e-8089-f6e84fe6d682
|t 0
|
| 952 |
f |
f |
|p ric
|a Texas A&M University
|b Rellis Campus
|c Joint Library Facility
|d Remote Storage
|t 0
|e HG945 .O9
|h Library of Congress classification
|i unmediated -- volume
|m A14800735319
|
| 998 |
f |
f |
|a HG945 .O9
|t 0
|l Remote Storage
|